| 000 | 00676cam a22002531 4500 | ||
|---|---|---|---|
| 001 | sa 64008859 | ||
| 003 | DLC | ||
| 005 | 20260227112057.0 | ||
| 008 | 950222s1962 ii b 000 0 tamo | ||
| 010 | _asa 64008859 | ||
| 025 | _aPL480:I-T-911 | ||
| 035 | _a(OCoLC)32036234 | ||
| 040 |
_aDLC _cCU _dCU _dDLC |
||
| 042 | _apremarc | ||
| 050 | 0 | 0 |
_aPL4758.2 _b.M32 |
| 100 | 1 |
_aMāṇikkam, Va. Cupa., _d1917-1989. |
|
| 245 | 1 | 0 | _aTamil̲k kātal. |
| 260 | _c[1962] | ||
| 300 |
_a478 p. _c19 cm. |
||
| 500 | _aIn Tamil. | ||
| 504 | _aBibliographical footnotes. | ||
| 650 | 0 |
_aTamil poetry _xHistory and criticism. |
|
| 650 | 0 |
_aErotic literature _xHistory and criticism. |
|
| 999 |
_c61069 _d61069 |
||